Berühmte Personen aus Bayern - Statistiken

Allgemein
  • Dieses Quiz wurde 1.163 mal gespielt
    1.093 seit der letzten Aktualisierung
  • Das Durchschnittsergebnis liegt bei 10 aus 20
Antwortstatistiken
Bildquiz Hint Antwort % Korrekt
Nürnberg Markus Söder
93%
Bamberg Thomas Gottschalk
93%
Weilheim in Oberbayern Thomas Müller
90%
Würzburg Dirk Nowitzki
86%
München Elyas M’Barek
85%
München Michael Herbig
75%
München Franz Beckenbauer
68%
München Elisabeth von Österreich
62%
Marktl Benedikt XVI.
61%
Landau an der Isar Uschi Glas
51%
Passau Andreas Scheuer
44%
Neu-Ulm Harald Schmidt
43%
München Eva Braun
39%
München Christian Tramitz
33%
Nürnberg Albrecht Dürer
29%
Rosenheim Hermann Göring
25%
Nymphenburg (heute: München) Ludwig II.
17%
Würzburg Werner Heisenberg
10%
München Werner Herzog
6%
München Martina Gedeck
4%
Keine übereinstimmenden Quizze gefunden
Verteilung der Resultate
Anzahl Personen mit jedem Resultat
Perzentil nach korrekt beantworteten Fragen
Ihre Resultats-Entwicklung
Sie haben dieses Quiz seit der letzten Aktualisierung nicht gespielt